Mío, mío y mío / (Registro nro. 202647)
[ vista simple ]
| 000 -CABECERA | |
|---|---|
| campo de control de longitud fija | 00855nam a2200229 u 4500 |
| 005 - FECHA Y HORA DE LA ÚLTIMA TRANSACCIÓN | |
| campo de control | 20230609063536.0 |
| 008 - ELEMENTOS DE LONGITUD FIJA--INFORMACIÓN GENERAL | |
| campo de control de longitud fija | 190520s2001 cl r 000 0 spa d |
| 035 ## - NÚMERO DE CONTROL DEL SISTEMA | |
| Número de control de sistema | UPN01000230552 |
| 049 ## - COLECCIÓN | |
| Colección | I |
| 050 #4 - SIGNATURA TOPOGRÁFICA DE LA BIBLIOTECA DEL CONGRESO | |
| Número de clasificación | BF721 |
| Número de documento/Ítem | R8.5 |
| 100 1# - ASIENTO PRINCIPAL--NOMBRE PERSONAL | |
| Nombre de persona | Russo de Sánchez, Ana Rita |
| 9 (RLIN) | 42890 |
| 245 10 - MENCIÓN DE TÍTULO | |
| Título | Mío, mío y mío / |
| Mención de responsabilidad, etc. | Ana Rita Rita Russo de Sánchez ; il. Fernando Castillejo Tamayo. |
| 260 ## - PUBLICACIÓN, DISTRIBUCIÓN, ETC. | |
| Lugar de publicación, distribución, etc. | Barranquilla, Col. : |
| Nombre del editor, distribuidor, etc. | Universidad del Norte : |
| -- | SEP, |
| Fecha de publicación, distribución, etc. | 2001. |
| 300 ## - DESCRIPCIÓN FÍSICA | |
| Extensión | 25 p. : |
| Otras características físicas | il. col. |
| 440 #0 - MENCIÓN DE SERIE/ASIENTO SECUNDARIO--TÍTULO | |
| Título | Programa de desarrollo psicoafectivo |
| 500 ## - NOTA GENERAL | |
| Nota general | Este título se complementa con un manual de instrucciones (lo encuentras en el no. de sistema: 230557) |
| 650 #4 - ASIENTO SECUNDARIO DE MATERIA - TERMINO TEMATICO | |
| Término de materia o nombre geográfico como elemento de entrada | Psicología infantil |
| 9 (RLIN) | 90 |
| 650 #4 - ASIENTO SECUNDARIO DE MATERIA - TERMINO TEMATICO | |
| Término de materia o nombre geográfico como elemento de entrada | Socialización del niño |
| 9 (RLIN) | 3953 |
| 650 #4 - ASIENTO SECUNDARIO DE MATERIA - TERMINO TEMATICO | |
| Término de materia o nombre geográfico como elemento de entrada | Emociones en niños |
| Subdivisión de forma | Literatura infantil |
| 9 (RLIN) | 21332 |
| 905 ## - TIPO DE MATERIAL | |
| Tipo de material | Infantil |
| Estado de retiro | Estado de pérdida | Fuente del sistema de clasificación o colocación | Estado dañado | No para préstamo | Código de colección | Localización permanente | Ubicación/localización actual | Ubicación en estantería | Fecha de adquisición | Clasificación | Código de barras | Fecha visto por última vez | Número de copia | Tipo de ítem Koha |
|---|---|---|---|---|---|---|---|---|---|---|---|---|---|---|
| Library of Congress Classification | Infantil | Bib. Gregorio Torres Quintero | Bib. Gregorio Torres Quintero | Sala infantil Planta baja | 10/05/2023 | BF721 R8.5 | 319422 | 31/12/2020 | 1 | Libro |